000 00854nam a2200289 i 4500
005 20260322212058.0
008 data
010 _a 80016576
020 _a0801634768 (pbk.)
020 _a9780801634765 (pbk.)
050 0 _aRT86.5
_b.M38
060 _aWY86 M449i
096 _aWY 86 M449i 1981
100 1 _aMauksch, Ingeborg G.
245 1 0 _aImplementing change in nursing /
_cIngeborg G. Mauksch, Michael H. Miller.
260 _aSt. Louis :
_bC. V. Mosby,
_c1981.
300 _axii, 195 p. :
_bill. ;
_c24 cm.
500 _aIncludes index.
504 _aBibliography: p. 186-191.
650 0 _aNursing
_xSocial aspects.
650 0 _aNursing service administration.
650 0 _aOrganizational change.
650 2 _aPhilosophy, Nursing.
650 2 _aSocial change
_xNursing texts.
700 1 _aMiller, Michael H.,
_d1942-
001 data
999 _c1378
_d1378